000 00559nam a2200181Ia 4500
003 OSt
005 20260120145335.0
008 210210b1934 xxu||||| |||| 00| 0 eng d
040 _cAL
041 _aKannada
082 _a858/136
100 _aMURTI RAV (A N)
_9150989
_dಮೂರ್ತಿ ರಾವ್ (ಎ ಎನ್)
245 _aSakretisana koneya dinagalu
_bಸಾಕ್ರೆಟೀಸನ ಕೊನೆಯ ದಿನಗಳು
260 _aMaisuru
_bMaisuru Vishvavidyanilaya
_c1934
690 _aBiography
_9150990
906 _a020679
942 _2ddc
_cBK
999 _c144833
_d144833